MARC

LEADER 00000nas a2200000 a 4500
001 ssj0012631
003 WaSeSS
005 20200512172242.0
006 m d
007 cr n
008 971107c19399999ksubr pss f0 a0eng c
010 |a  2004231923 
022 |a 1943-1147  |l 0026-4148  |y 0026-4148 
035 |a (WaSeSS)ssj0012631 
037 |a 708-099-00000-7  |b Paper subscription available from: Supt. of Docs., P.O. Box 979050, St. Louis, MO 63197-9000 
040 |a DLM  |b eng  |c DLM  |d OCL  |d OCLCQ  |d GPO  |d OCLCQ  |d GPO  |d DLC  |d GPO  |d OCLCQ  |d OCLCE  |d CUS  |d OCLCQ  |d OCLCA  |d OCLCQ  |d OCLCO  |d OCLCA  |d OCLCF  |d OCLCA  |d OCLCQ  |d COO  |d OCLCO  |d VT2  |d OCLCO  |d OCLCQ  |d GPO  |d UUM  |d DLC  |d WaSeSS 
042 |a pcc  |a nsdp  |a dlr 
043 |a n-us--- 
050 1 4 |a U1 
074 |a 0359-C-04 (online) 
074 |a 0359-C-08 (online) 
082 1 0 |a 355  |2 14 
086 0 |a D 110.7:  |z D 110.7/4: 
130 0 |a Military review (Online) 
222 0 |a Military review  |b (Online) 
245 1 0 |a Military review  |h [electronic resource] /  |c prepared by US Army Command and General Staff College. 
260 |a Fort Leavenworth, KS :  |b US Army Command and General Staff College 
310 |a Bimonthly,  |b Dec. 1994/Jan.-Feb. 1995- 
321 |a Quarterly,  |b June 1939-Jan. 1943 
321 |a Monthly,  |b Feb. 1943-Nov. 1994 
362 1 |a Print began with vol. 19, no. 73 (June 1939). 
490 1 |a Professional bulletin 
500 |a "Headquarters, Department of the Army." 
500 |a Not distributed to depository libraries in a physical form, <1997-2005>; paper distribution resumes <Sept./Oct. 2006-Nov./Dec. 2008> 
506 |a License restrictions may limit access. 
515 |a Special edition, Counterinsurgency Reader issue published in Oct. 2006. 
525 |a Supplemented by online articles: Military review online exclusives. Available at http://www.armyupress.army.mil/Journals/Military-Review/English-Edition-Archives/, 2016- 
538 |a Master and use copy. Digital master created according to Benchmark for Faithful Digital Reproductions of Monographs and Serials, Version 1. Digital Library Federation, December 2002.  |u http://purl.oclc.org/DLF/benchrepro0212  |5 MiAaHDL 
538 |a Mode of access: Internet at the Army University Press web site. Address as of 05/26/2017: http://www.armyupress.army.mil/Journals/Military-Review/English-Edition-Archives/; current access is available via PURL. 
550 |a Vols. for Sept./Oct. 2005- published by U.S. Army Combined Arms Center. 
580 |a Issued also in Spanish and Portuguese. 
583 1 |a digitized  |c 2010  |h HathiTrust Digital Library  |l committed to preserve  |5 MiAaHDL  |2 pda 
588 |a Description based on: Vol. 81, no. 1 (Jan.-Feb. 2001); title from table of contents (publisher's Web site, viewed on Sept. 22, 2004). 
588 |a Latest issue consulted: Vol. 97, no. 1 (Jan.-Feb. 2017) (viewed May 26, 2017) 
650 0 |a Military art and science  |v Bibliography  |v Periodicals. 
650 0 |a Military art and science  |v Periodicals. 
650 7 |a Military art and science.  |2 fast  |0 (OCoLC)fst01020874 
655 0 |a Electronic journals. 
710 2 |a U.S. Army Command and General Staff College. 
710 1 |a United States.  |b Department of the Army. 
710 2 |a U.S. Army Combined Arms Center. 
775 1 |t Military reviews Hispano-American  |w (DLC) 2004231925  |w (OCoLC)56610657 
775 1 |t Military review Brazilian  |w (DLC) 2004231924  |w (OCoLC)56555375 
776 0 |t Military review  |x 0026-4148  |w (DLC) 34033760  |w (OCoLC)2558412 
830 0 |a PB (United States. Army) 
856 4 0 |z Full text available from Research Library: 03/01/1996 to present  |u https://search.proquest.com/publication/40805